| 000 | 00942nam a2200289 a 4500 | ||
|---|---|---|---|
| 001 | 73245 | ||
| 003 | BD-RjUL | ||
| 005 | 20211209082352.0 | ||
| 008 | 170529s1979 fr i000 0 eng d | ||
| 020 | _a9231016164 | ||
| 035 | _a(BD-RjUL)73463 | ||
| 040 |
_aDLC _cDLC _dBD-RjUL _beng |
||
| 041 | _aeng | ||
| 082 | 0 | 0 |
_a621.384 _223 _bRUR 1979 |
| 245 | 0 | 0 |
_aRural radio : _bprogramme formats / _cKiranmani A. Dikshit ... [et al.]. |
| 260 |
_aParis : _bUnesco, _cc1979. |
||
| 300 |
_a94 p. ; _c21 cm. |
||
| 650 | 0 |
_aRadio in agriculture _9154556 |
|
| 650 | 0 |
_aRadio in agriculture. _9154556 |
|
| 650 | 0 |
_aRadio in rural development. _9216656 |
|
| 650 | 0 |
_aRadio authorship. _9216657 |
|
| 700 | 1 |
_aDikshit, Kiranmani A. _9216658 |
|
| 830 |
_aMonographs on communication technology and utilization ; _v5 _9216663 |
||
| 942 |
_2ddc _cBK |
||
| 999 |
_c73245 _d73245 |
||